Le principe de raison
Saved in:
| Hovedforfatter: | |
|---|---|
| Format: | Bog |
| Sprog: | spansk |
| Udgivet: |
París
Gallimard
1962
|
| Serier: | Classiques de la Philosophie
|
| Fag: | |
| Tags: |
Tilføj Tag
Ingen Tags, Vær først til at tagge denne postø!
|
MARC
| LEADER | 00000cam a2200000 a 4500 | ||
|---|---|---|---|
| 001 | UCZ2188 | ||
| 003 | CL-VaPUC | ||
| 005 | 20250131111538.0 | ||
| 008 | 950926e19620000FR |||||||||||||||||spa|d | ||
| 999 | |c 238831 |d 238829 | ||
| 040 | |c Pontificia Universidad Católica de Valparaíso | ||
| 082 | 0 | 4 | |a 142.7 |b HEI |2 21 |
| 100 | |a Heidegger, Martin |e auteur |9 896079 | ||
| 245 | 1 | 3 | |a Le principe de raison |
| 260 | |a París |b Gallimard |c 1962 | ||
| 300 | |a 270 p | ||
| 490 | 0 | |a Classiques de la Philosophie | |
| 583 | |a last modification |c 20130627 04:36:35 |k Rodrigo Vera | ||
| 650 | 0 | |a Existencialismo |9 265698 | |
| 650 | 0 | |a Filosofía alemana |9 265002 | |
| 650 | 7 | |a FILOSOFOS ALEMANES |2 CL-VaPUC |9 345977 | |
| 650 | 0 | |a Razón |9 314475 | |
| 650 | 0 | |a Empirismo |9 255037 | |
| 942 | |c BK |2 ddc | ||
| 945 | |d 19950926 00:00:00 |a cmena | ||
| 952 | |0 0 |1 0 |4 0 |6 142_700000000000000_HEI_1962 |7 0 |8 P |9 249367 |a BIBEDU |b BIBEDU |c BIBEDU_PB |d 2019-11-18 |i 1565443 |o 142.7 HEI 1962 |p 1565443 |r 2024-01-25 |w 2019-11-18 |y BK |k FIL | ||
| 952 | |0 0 |1 0 |4 0 |6 142_700000000000000_HEI_1962 |7 0 |8 A |9 249368 |a BIBART |b BIBART |d 2019-11-18 |i 4984943 |o 142.7 HEI 1962 |p 4984943 |r 2025-03-13 |w 2019-11-18 |y BK |k ART | ||